[Event "It (open)"]
[Site "masterchessopen.com Dieren (Netherlands)"]
[Round "2"]
[White "Canfell Gregory (AUS)"]
[Black "Knoppert Erik G J (NED)"]
[Result "1-0"]
[WhiteElo "2326"]
[BlackElo "2336"]

1.e4 c5 2.Nf3 Nc6 3.d4 cxd4 4.Nxd4 Nf6 5.Nc3 d6 6.Bg5 e6 7.Qd2 Be7 8.O-O-O O-O
9.Nb3 Qb6 10.f3 a6 11.g4 Rd8 12.h4 Ne5 13.Be3 Qc7 14.g5 Nfd7 15.f4 Nc4 16.Bxc4
Qxc4 17.g6 fxg6 18.h5 gxh5 19.Bd4 e5 20.Nd5 Bf8 21.fxe5 dxe5 22.Qg5 exd4
23.Rxd4 Qc6 24.Qxd8 Qe6 25.Rf1 b6 26.Nc7 Qh3 27.Rdd1 Rb8 28.Nd5 Qe6 29.Rxf8+
Nxf8 30.Rf1 {#r} 1-0

[Event "It (open)"]
[Site "masterchessopen.com Dornbirn (Austria)"]
[Round "0"]
[White "Lechenbauer Karl (AUT)"]
[Black "Hagen Kurt Mk (AUT)"]
[Result "0-1"]
[WhiteElo "1902"]
[BlackElo "2077"]

1.e4 c5 2.Nf3 Nc6 3.d4 cxd4 4.Nxd4 Nf6 5.Nc3 d6 6.Bg5 e6 7.Qd2 Be7 8.O-O-O O-O
9.Nxc6 bxc6 10.Bxf6 Bxf6 11.Qxd6 Qb6 12.Na4 Qa5 13.Qxc6 Bd7 14.Qc5 Qxa4 15.f4
Rfc8 16.Qf2 e5 17.fxe5 Bxe5 18.Ba6 Rd8 19.Rhf1 Qxa2 20.Rd5 Qxb2+ 21.Kd2 Be6
22.Rxd8+ Rxd8+ 23.Bd3 Qc3+ 24.Ke2 Bg4+ {#R} 0-1

[Event "?"]
[Site "masterchessopen.com Frunze (Kyrgyzstan)"]
[Round "0"]
[White "Klovans Janis (LAT)"]
[Black "Aseev Konstantin N (RUS)"]
[Result "0-1"]
[WhiteElo "2436"]
[BlackElo "2445"]

1.e4 c5 2.Nf3 d6 3.d4 cxd4 4.Nxd4 Nf6 5.Nc3 Nc6 6.Bg5 e6 7.Qd2 Be7 8.O-O-O O-O
9.Nb3 Qb6 10.f3 Rd8 11.h4 d5 12.exd5 Nxd5 13.Bxe7 Ndxe7 14.Bd3 e5 15.h5 Bf5
16.h6 Bxd3 17.cxd3 Nb4 18.Qg5 Ng6 19.hxg7 Nxd3+ 20.Kb1 Nf2 21.Rdf1 Nxh1
22.Rxh1 Nf4 23.Ne4 Qg6 24.Qxe5 Nd3 25.Qb5 Qxg2 {#R} 0-1

[Event "Ch Finland"]
[Site "masterchessopen.com Helsinki (Finland)"]
[Round "0"]
[White "Ebeling Mika (FIN)"]
[Black "Nevanlinna Risto (FIN)"]
[Result "1-0"]
[WhiteElo "2268"]
[BlackElo "2252"]

1.e4 c5 2.Nf3 d6 3.d4 cxd4 4.Nxd4 Nf6 5.Nc3 Nc6 6.Bg5 e6 7.Qd2 Be7 8.O-O-O O-O
9.Nb3 a5 10.a4 Qb6 11.f3 Qb4 12.Bb5 Na7 13.Qe2 Nxb5 14.axb5 Bd7 15.Rd4 Nxe4
16.fxe4 Bxg5+ 17.Kb1 Qxd4 18.Nxd4 a4 19.Nf3 Be7 20.Rd1 Rfc8 21.Ne5 Be8 22.Nc4
Rc5 23.Nxd6 a3 24.Nxe8 axb2 25.Kxb2 Rxe8 26.Na4 Re5 27.Qc4 g6 28.Rd7 f5
29.exf5 gxf5 30.Rxb7 Re4 31.Qc6 Rb4+ 32.Kc3 {#r} 1-0

[Event "Ch URS (club)"]
[Site "masterchessopen.com Naberezhnye Chelny (Russia)"]
[Round "0"]
[White "Galanov Boris (RUS)"]
[Black "Alekseev Andrey (RUS)"]
[Result "1-0"]
[WhiteElo "2410"]
[BlackElo "2340"]

1.e4 c5 2.Nf3 Nc6 3.d4 cxd4 4.Nxd4 Nf6 5.Nc3 d6 6.Bg5 e6 7.Qd2 Be7 8.O-O-O O-O
9.Nb3 a6 10.Bxf6 gxf6 11.Qh6 Kh8 12.Qh5 Qe8 13.f4 Rg8 14.g4 b5 15.Bd3 Rg7
16.h4 Bd7 17.g5 Nb4 18.Be2 Rc8 19.a3 Nc6 20.gxf6 Bxf6 21.e5 dxe5 22.Ne4 Be7
23.fxe5 Nb8 24.Nf6 Qd8 25.Rhf1 Bxf6 26.exf6 Rg2 27.Bd3 Qg8 28.Nc5 Rd8 29.Ne4
Qg4 30.Qxf7 Qg6 31.Ng5 {#r} 1-0

[Event "It (open)"]
[Site "masterchessopen.com Reykjavik (Iceland)"]
[Round "0"]
[White "Olafsson David (ISL)"]
[Black "Hermansson Tomas (ISL)"]
[Result "1-0"]
[WhiteElo "2325"]
[BlackElo "2191"]

1.e4 c5 2.Nf3 Nc6 3.d4 cxd4 4.Nxd4 Nf6 5.Nc3 d6 6.Bg5 e6 7.Qd2 Be7 8.O-O-O O-O
9.Nb3 a5 10.Bxf6 Bxf6 11.Qxd6 Bxc3 12.Qxd8 Bxb2+ 13.Kxb2 Rxd8 14.Rxd8+ Nxd8
15.Bb5 e5 16.Rd1 Ne6 17.Rd5 b6 18.Rxe5 Bb7 19.Bc4 a4 20.Bxe6 fxe6 21.Nd4 Re8
22.f3 Ba6 23.Rxe6 Rxe6 24.Nxe6 Kf7 25.Nd4 Bc4 26.Ka3 g5 27.Kxa4 Bxa2 28.Kb4
{#r} 1-0

[Event "It (open)"]
[Site "masterchessopen.com Reykjavik (Iceland)"]
[Round "4"]
[White "Olafsson David (ISL)"]
[Black "Hermansson Tomas (ISL)"]
[Result "1-0"]
[WhiteElo "2325"]
[BlackElo "2191"]

1.e4 c5 2.Nf3 Nc6 3.d4 cxd4 4.Nxd4 Nf6 5.Nc3 d6 6.Bg5 e6 7.Qd2 Be7 8.O-O-O O-O
9.Nb3 a5 10.Bxf6 Bxf6 11.Qxd6 Bxc3 12.Qxd8 Bxb2+ 13.Kxb2 Rxd8 14.Rxd8+ Nxd8
15.Bb5 e5 16.Rd1 Ne6 17.Rd5 b6 18.Rxe5 Bb7 19.Bc4 a4 20.Bxe6 fxe6 21.Nd4 Re8
22.f3 Ba6 23.Rxe6 Rxe6 24.Nxe6 Kf7 25.Nd4 Bc4 26.Ka3 g5 27.Kxa4 Bxa2 28.Kb5
{#r} 1-0

[Event "Ch Brazil"]
[Site "masterchessopen.com Sao Paulo (Brazil)"]
[Round "12"]
[White "Matsuura Everaldo (BRA)"]
[Black "Teixeira Ricardo Da Silva (BRA)"]
[Result "1-0"]
[WhiteElo "2485"]
[BlackElo "2266"]

1.e4 c5 2.Nf3 d6 3.d4 cxd4 4.Nxd4 Nf6 5.Nc3 Nc6 6.Bg5 e6 7.Qd2 Be7 8.O-O-O O-O
9.Nb3 Qb6 10.f3 Rd8 11.Be3 Qc7 12.Qf2 Nd7 13.g4 a6 14.g5 b5 15.h4 Rb8 16.h5
Nce5 17.g6 fxg6 18.Bh3 Nf8 19.f4 Nc4 20.hxg6 b4 21.gxh7+ Kh8 22.Bd4 bxc3
23.Bxg7+ Kxg7 24.h8=Q+ Kxh8 25.Bxe6+ Kg7 26.Rdg1+ {#r} 1-0

[Event "It (open)"]
[Site "masterchessopen.com Cannes (France)"]
[Round "0"]
[White "Andrijevic Milan (SRB)"]
[Black "Bernard Christophe (FRA)"]
[Result "1-0"]
[WhiteElo "2333"]
[BlackElo "1694"]

1.e4 c5 2.Nf3 d6 3.d4 cxd4 4.Nxd4 Nf6 5.Nc3 Nc6 6.Bg5 e6 7.Qd2 Be7 8.O-O-O O-O
9.Nb3 Qb6 10.f3 Rd8 11.Be3 Qc7 12.Qf2 Nd7 13.g4 a6 14.g5 b5 15.h4 Nce5 16.h5
Nc4 17.Bxc4 bxc4 18.Nd4 Ne5 19.Rdg1 Rb8 20.f4 Qb7 21.Nd1 Nc6 22.f5 Nb4 23.f6
Nxa2+ 24.Kd2 Bf8 25.g6 d5 26.e5 c3+ 27.bxc3 {#r} 1-0

[Event "Ch West Scotland"]
[Site "masterchessopen.com Clarkston (Scotland)"]
[Round "0"]
[White "Mannion Stephen R (SCO)"]
[Black "Montgomery Jim (SCO)"]
[Result "1-0"]
[WhiteElo "2372"]
[BlackElo "2122"]

1.e4 c5 2.Nf3 Nc6 3.d4 cxd4 4.Nxd4 Nf6 5.Nc3 d6 6.Bg5 e6 7.Qd2 Be7 8.O-O-O
Nxd4 9.Qxd4 O-O 10.f3 Qa5 11.h4 Bd7 12.Bd2 Qc7 13.g4 Rfc8 14.h5 b5 15.g5 b4
16.Qxb4 Rab8 17.Qd4 d5 18.Ba6 Qa5 19.Nxd5 Qxa2 20.Nxe7+ Kh8 21.Bc3 Qa1+ 22.Kd2
Qxa6 23.gxf6 g6 24.hxg6 {#r} 1-0

[Event "Ch Czechoslovakia (corr.)"]
[Site "masterchessopen.com Czechoslovakia"]
[Round "0"]
[White "Majer Jiri (CZE)"]
[Black "Jandovsky Viktor (CZE)"]
[Result "1-0"]
[WhiteElo "2252"]
[BlackElo "2163"]

1.e4 c5 2.Nf3 Nc6 3.d4 cxd4 4.Nxd4 Nf6 5.Nc3 d6 6.Bg5 e6 7.Qd2 Be7 8.O-O-O O-O
9.Nb3 a6 10.Bxf6 gxf6 11.f4 b5 12.f5 b4 13.Ne2 a5 14.Nbd4 Nxd4 15.Nxd4 Qc7
16.Bb5 Kh8 17.Qd3 Rg8 18.Bc4 e5 19.Nb5 Qc5 20.Nxd6 Bxd6 21.Qxd6 Qxd6 22.Rxd6
Rxg2 23.Rxf6 Bb7 24.Bd3 Kg7 25.Rb6 Ra7 26.Kd1 h5 27.h3 h4 28.Ke1 Rg5 29.Ke2 f6
30.Rh2 Bc8 31.Kf2 Bd7 32.Rb8 {#r} 1-0

[Event "Ch France (team)"]
[Site "masterchessopen.com France"]
[Round "0"]
[White "Thibault James (USA)"]
[Black "Bernard Christophe (FRA)"]
[Result "0-1"]
[WhiteElo "2255"]
[BlackElo "1694"]

1.e4 c5 2.Nf3 d6 3.d4 cxd4 4.Nxd4 Nf6 5.Nc3 Nc6 6.Bg5 e6 7.Qd2 Be7 8.O-O-O O-O
9.Kb1 Nxd4 10.Qxd4 Qa5 11.Bh4 Bd7 12.Bd3 Rac8 13.f3 e5 14.Qe3 Rxc3 15.bxc3 Be6
16.Bxf6 Bxf6 17.Kb2 Rc8 18.Rb1 Qxc3+ 19.Kc1 h6 20.Kd1 Bxa2 21.Rxb7 Bc4 22.Qe1
Qa1+ 23.Ke2 Bxd3+ 24.cxd3 Rc2+ {#R} 0-1

[Event "It (open)"]
[Site "masterchessopen.com Guernsey & Jersey"]
[Round "0"]
[White "Bellin Robert (ENG)"]
[Black "Oud Nicolas (NED)"]
[Result "1-0"]
[WhiteElo "2355"]
[BlackElo "2021"]

1.e4 c5 2.Nf3 Nc6 3.d4 cxd4 4.Nxd4 Nf6 5.Nc3 d6 6.Bg5 e6 7.Qd2 Be7 8.O-O-O O-O
9.Nb3 Qc7 10.Bxf6 gxf6 11.Qh6 Kh8 12.Qh5 Ne5 13.f4 Ng6 14.g3 Bd7 15.Bh3 Rac8
16.Rd2 a6 17.Kb1 b5 18.a3 Qb6 19.Nd5 exd5 20.Bxd7 Rc7 21.Bf5 dxe4 22.Bxe4 a5
23.Re1 a4 24.Nd4 Rb8 25.c3 Bf8 26.Qf5 d5 27.Qxd5 Bxa3 28.bxa3 Rxc3 29.Qxf7 b4
30.Ne6 Rb3+ 31.Kc1 Rc3+ 32.Kd1 {#r} 1-0

[Event "Ch Europe (team)"]
[Site "masterchessopen.com Haifa (Israel)"]
[Round "0"]
[White "Ekstroem Roland (SUI)"]
[Black "Gavrilakis Nikolaos (GRE)"]
[Result "1-0"]
[WhiteElo "2486"]
[BlackElo "2403"]

1.e4 c5 2.Nc3 Nc6 3.Nge2 d6 4.d4 cxd4 5.Nxd4 Nf6 6.Bg5 e6 7.Qd2 Be7 8.O-O-O
O-O 9.Nb3 a6 10.f3 b5 11.Bxf6 gxf6 12.f4 b4 13.Ne2 a5 14.Nbd4 Bb7 15.f5 Nxd4
16.Qxd4 e5 17.Qe3 a4 18.Kb1 Qa5 19.Ng3 b3 20.cxb3 axb3 21.a3 d5 22.exd5 Kh8
23.d6 Rfd8 24.Ba6 Qxa6 25.dxe7 Re8 26.Rd7 Qc6 27.Qd2 Bc8 28.Rd8 Bb7 29.Rc1 Qb6
30.Rd6 Qb5 {#r} 1-0

[Event "It (cat.13)"]
[Site "masterchessopen.com Haninge (Sweden)"]
[Round "0"]
[White "Arnason Jon L (ISL)"]
[Black "Wilder Michael (USA)"]
[Result "0-1"]
[WhiteElo "2520"]
[BlackElo "2540"]

1.e4 c5 2.Nf3 d6 3.d4 cxd4 4.Nxd4 Nf6 5.Nc3 Nc6 6.Bg5 e6 7.Qd2 Be7 8.O-O-O O-O
9.Nb3 Qb6 10.h4 Rd8 11.h5 h6 12.Be3 Qc7 13.Qe2 d5 14.exd5 Nxd5 15.Nxd5 Rxd5
16.Rxd5 exd5 17.Qd2 Bf5 18.Bf4 Qd8 19.Be2 Rc8 20.Bd1 Nb4 21.Nd4 Nxa2+ 22.Kb1
Nc3+ 23.Kc1 Qa5 24.Qe3 Qa1+ 25.Kd2 Ne4+ 26.Ke2 Bh7 27.Qh3 Re8 28.Be5 Qa6+
29.Ke1 Bb4+ 30.c3 Rxe5 31.Qc8+ Bf8 {#R} 0-1

[Event "Ch Paris (open)"]
[Site "masterchessopen.com Paris (France)"]
[Round "5"]
[White "Jansa Vlastimil (CZE)"]
[Black "Bernard Christophe (FRA)"]
[Result "1-0"]
[WhiteElo "2505"]
[BlackElo "1694"]

1.e4 c5 2.Nf3 d6 3.d4 cxd4 4.Nxd4 Nf6 5.Nc3 Nc6 6.Bg5 e6 7.Qd2 Be7 8.O-O-O O-O
9.Nb3 Qb6 10.f3 a6 11.h4 Rd8 12.h5 h6 13.Be3 Qc7 14.Qf2 Nd7 15.g4 b5 16.Rg1 b4
17.Na4 Na5 18.g5 hxg5 19.Bxg5 Nxb3+ 20.axb3 Bxg5+ 21.Rxg5 Ne5 22.Qg2 f6 23.Rg3
Bb7 24.f4 f5 25.fxe5 Bxe4 26.exd6 {#r} 1-0

[Event "It (open)"]
[Site "masterchessopen.com Philadelphia (USA)"]
[Round "0"]
[White "Chiburdanidze Maia (GEO)"]
[Black "Gamboa Anibal (VEN)"]
[Result "0-1"]
[WhiteElo "2495"]
[BlackElo "2210"]

1.e4 c5 2.Nf3 d6 3.d4 cxd4 4.Nxd4 Nf6 5.Nc3 Nc6 6.Bg5 e6 7.Qd2 Be7 8.O-O-O O-O
9.h4 Qa5 10.Nb3 Qb6 11.f3 a6 12.h5 h6 13.Be3 Qc7 14.g4 Ne5 15.Qg2 Kh8 16.Kb1
b5 17.g5 hxg5 18.Bxg5 Nh7 19.Bxe7 Qxe7 20.f4 Nc4 21.Bxc4 bxc4 22.Nd2 Rb8
23.Rdg1 Rg8 {#R} 0-1

[Event "It (open)"]
[Site "masterchessopen.com Philadelphia (USA)"]
[Round "0"]
[White "Dzindzichashvili Roman (USA)"]
[Black "Sherzer Alex (USA)"]
[Result "1-0"]
[WhiteElo "2540"]
[BlackElo "2504"]

1.e4 c5 2.Nf3 d6 3.d4 cxd4 4.Nxd4 Nf6 5.Nc3 Nc6 6.Bg5 e6 7.Qd2 Be7 8.O-O-O O-O
9.Nb3 Qb6 10.Be3 Qc7 11.Be2 a6 12.g4 b5 13.g5 Nd7 14.f4 Nb6 15.f5 Rd8 16.g6
hxg6 17.fxg6 fxg6 18.h4 Nc4 19.Bxc4 bxc4 20.Nd4 Rb8 21.h5 Qb7 22.Qg2 Bf6 23.b3
cxb3 24.axb3 gxh5 25.Rxh5 Qb4 26.e5 Qxc3 27.exf6 Qxe3+ 28.Kb2 Rd7 29.Nxc6 Rb5
30.Ne7+ Rxe7 31.fxe7 Kf7 32.Rxb5 axb5 33.Rf1+ {#r} 1-0

[Event "Ch Finland"]
[Site "masterchessopen.com Tampere (Finland)"]
[Round "0"]
[White "Raaste Eero J (FIN)"]
[Black "Raisa Unto (FIN)"]
[Result "1-0"]
[WhiteElo "2299"]
[BlackElo "2130"]

1.e4 c5 2.Nf3 Nc6 3.d4 cxd4 4.Nxd4 Nf6 5.Nc3 d6 6.Bg5 e6 7.Qd2 Be7 8.O-O-O O-O
9.Nb3 Qb6 10.f3 Rd8 11.Nb5 Rd7 12.Be3 Qd8 13.N5d4 a6 14.g4 Nxd4 15.Nxd4 Rc7
16.Kb1 Nd7 17.h4 b5 18.g5 Nc5 19.h5 Rb8 20.Bh3 b4 21.Rdg1 g6 22.Qh2 Bf8
23.hxg6 fxg6 24.Nc6 Qe8 25.Nxb8 Bg7 26.Qxd6 b3 27.axb3 {#r} 1-0

[Event "Zt"]
[Site "masterchessopen.com Cali (Colombia)"]
[Round "0"]
[White "Zapata Alonso (COL)"]
[Black "Hernandez Gilberto (MEX)"]
[Result "1-0"]
[WhiteElo "2480"]
[BlackElo "2523"]

1.e4 c5 2.Nf3 d6 3.d4 cxd4 4.Nxd4 Nf6 5.Nc3 Nc6 6.Bg5 e6 7.Qd2 Be7 8.O-O-O O-O
9.h4 a6 10.f3 Nxd4 11.Qxd4 b5 12.g4 Bb7 13.Qf2 b4 14.Na4 Bc6 15.Nb6 Rb8 16.Nc4
d5 17.Bf4 Rb7 18.Ne5 Bb5 19.g5 Nh5 20.Bh2 Qa5 21.Kb1 f6 22.gxf6 Nxf6 23.Bh3
Nxe4 24.Bxe6+ Kh8 25.Qd4 Nc3+ 26.bxc3 bxc3 27.Ka1 Bf6 28.Qxd5 Re7 29.h5 Qa3
30.Rb1 {#r} 1-0

[Event "Match \"]
[Site "masterchessopen.com Cannes (France)"]
[Round "0"]
[White "Van Der Wiel John T H (NED)"]
[Black "Miralles Gilles (FRA)"]
[Result "1-0"]
[WhiteElo "2555"]
[BlackElo "2460"]

1.Nc3 c5 2.Nf3 Nc6 3.d4 cxd4 4.Nxd4 Nf6 5.e4 d6 6.Bg5 e6 7.Qd2 Be7 8.O-O-O O-O
9.Nb3 d5 10.Bxf6 Bxf6 11.exd5 Bxc3 12.Qxc3 exd5 13.g3 Bg4 14.f3 Qg5+ 15.Kb1
Bf5 16.Bd3 Bg6 17.f4 Qh5 18.g4 Qxg4 19.f5 Bh5 20.Rdg1 d4 21.Qd2 Qf3 22.Qg5 g6
23.Nd2 Qd5 24.Be4 Qa5 25.Qxh5 Nb4 26.a3 {#r} 1-0

[Event "Ch Finland (team)"]
[Site "masterchessopen.com Finland"]
[Round "0"]
[White "Lehto Ville (FIN)"]
[Black "Nevanlinna Risto (FIN)"]
[Result "0-1"]
[WhiteElo "2169"]
[BlackElo "2252"]

1.e4 c5 2.Nf3 d6 3.d4 Nf6 4.Nc3 cxd4 5.Nxd4 Nc6 6.Bg5 e6 7.Qd2 Be7 8.O-O-O
Nxd4 9.Qxd4 O-O 10.e5 dxe5 11.Qxe5 Qe8 12.f4 Bd7 13.Bd3 Bc6 14.Qe1 Nh5 15.Rf1
Bxg5 16.fxg5 g6 17.g4 Ng7 18.h4 b5 19.h5 Qe7 20.Qh4 b4 21.hxg6 fxg6 22.Ne4
Bxe4 23.Bxe4 Rad8 24.Rxd8 Qxd8 25.Rh1 h5 26.gxh6 Rf1+ {#R} 0-1

[Event "Cup Arnold"]
[Site "masterchessopen.com Gausdal (Norway)"]
[Round "0"]
[White "Jansa Vlastimil (CZE)"]
[Black "Thorsteins Karl (ISL)"]
[Result "0-1"]
[WhiteElo "2478"]
[BlackElo "2455"]

1.e4 c5 2.Nf3 Nc6 3.d4 cxd4 4.Nxd4 Nf6 5.Nc3 d6 6.Bg5 e6 7.Qd2 Be7 8.O-O-O O-O
9.Nb3 a6 10.Bxf6 gxf6 11.f4 b5 12.Kb1 Kh8 13.f5 Re8 14.fxe6 fxe6 15.g3 Qb6
16.Bh3 a5 17.Ne2 b4 18.Nbd4 Nxd4 19.Nxd4 Bf8 20.Rhf1 a4 21.Rf3 Bg7 22.Ne2 Bb7
23.Rd3 Bxe4 24.Rxd6 Qc5 25.Rd4 f5 26.Qxb4 Qxc2+ 27.Ka1 Qxe2 {#R} 0-1

[Event "Cup Arnold"]
[Site "masterchessopen.com Gausdal (Norway)"]
[Round "0"]
[White "Winsnes Rikard (SWE)"]
[Black "Reeh Oliver (GER)"]
[Result "0-1"]
[WhiteElo "2385"]
[BlackElo "2453"]

1.e4 c5 2.Nf3 d6 3.d4 cxd4 4.Nxd4 Nf6 5.Nc3 Nc6 6.Bg5 e6 7.Qd2 Be7 8.O-O-O O-O
9.Nb3 Qb6 10.f3 Rd8 11.Be3 Qc7 12.Qf2 d5 13.exd5 Nxd5 14.Nxd5 Rxd5 15.Rxd5
exd5 16.a3 Bf6 17.h4 Bf5 18.Bg5 Nd4 19.Nxd4 Bxd4 20.Qd2 h6 21.Bd3 hxg5 22.Bxf5
Qe5 23.Kb1 Bxb2 24.Qb4 Bc3 25.Qc5 Bd4 26.Qb4 a5 {#R} 0-1

[Event "Bundesliga 1989/90 (2nd)"]
[Site "masterchessopen.com Germany"]
[Round "0"]
[White "Lingnau Carsten (GER)"]
[Black "Meyer Claus Dieter (GER)"]
[Result "0-1"]
[WhiteElo "2395"]
[BlackElo "2339"]

1.e4 c5 2.Nf3 Nc6 3.d4 cxd4 4.Nxd4 Nf6 5.Nc3 d6 6.Bg5 e6 7.Qd2 Be7 8.O-O-O O-O
9.Nb3 a5 10.a4 Nb4 11.Bb5 d5 12.Rhe1 Bd7 13.Bxd7 Qxd7 14.exd5 exd5 15.Bxf6
Bxf6 16.Nxd5 Nxd5 17.Qxd5 Qxa4 18.Kb1 Qb4 19.Qd6 Qc4 20.Qd5 Qf4 21.Qf3 Qxf3
22.gxf3 Rfc8 23.Rd5 a4 24.Nd4 a3 25.c3 h6 26.Nb5 axb2 27.Kxb2 Ra5 28.Re4 Rca8
29.Kb3 Ra1 30.Rb4 Rb1+ 31.Kc4 Rc1 32.Kd3 Rd1+ 33.Kc4 Rc8+ {#R} 0-1

[Event "It (open) (active)"]
[Site "masterchessopen.com Kirchheim (Germany)"]
[Round "0"]
[White "Beikert Guenther (GER)"]
[Black "Gschnitzer Oswald (GER)"]
[Result "1-0"]
[WhiteElo "2432"]
[BlackElo "2456"]

1.e4 c5 2.Nf3 Nc6 3.d4 cxd4 4.Nxd4 Nf6 5.Nc3 d6 6.Bg5 e6 7.Qd2 Be7 8.O-O-O O-O
9.Nb3 Qb6 10.h4 Rd8 11.h5 h6 12.Be3 Qc7 13.f4 a6 14.Be2 d5 15.e5 Nd7 16.g4
Ndxe5 17.fxe5 d4 18.Nxd4 Nxd4 19.Bd3 Nb5 20.Na4 Qxe5 21.Nb6 Rb8 22.Bf4 Qd4
23.Bh7+ Kxh7 24.Qxd4 Nxd4 25.Bxb8 Bc5 26.Na4 Be7 27.c3 Nc6 28.Nb6 Nxb8 29.Rxd8
Bxd8 30.Nxc8 Bc7 31.Rd1 g6 32.Nd6 gxh5 33.gxh5 {#r} 1-0

[Event "Zt"]
[Site "masterchessopen.com Lvov (Ukraine)"]
[Round "5"]
[White "Kuzmin Gennadi P (UKR)"]
[Black "Oll Lembit (EST)"]
[Result "0-1"]
[WhiteElo "2540"]
[BlackElo "2570"]

1.e4 c5 2.Nf3 d6 3.d4 cxd4 4.Nxd4 Nf6 5.Nc3 Nc6 6.Bg5 e6 7.Qd2 Be7 8.O-O-O
Nxd4 9.Qxd4 O-O 10.e5 dxe5 11.Qxe5 Qe8 12.Be2 Bd7 13.Qg3 Qc8 14.Rd3 Rd8 15.Qh4
e5 16.Nd5 Nxd5 17.Bxe7 Nf4 18.Bxd8 Nxe2+ 19.Kb1 Qxd8 20.Qe4 Nd4 21.Qxe5 Nc6
22.Qc3 Qe7 23.Re1 Be6 24.f4 Qh4 25.Red1 g6 26.g3 Qxh2 27.b4 a6 28.a4 Qf2
29.Kb2 Qb6 30.Ka3 Bf5 31.Rd5 Re8 32.a5 Qe3 {#R} 0-1

[Event "It (open)"]
[Site "masterchessopen.com Lyons (France)"]
[Round "9"]
[White "Gallagher Joseph G (SUI)"]
[Black "Levacic Damir (FRA)"]
[Result "1-0"]
[WhiteElo "2495"]
[BlackElo "2260"]

1.e4 c5 2.Nf3 Nc6 3.d4 cxd4 4.Nxd4 Nf6 5.Nc3 d6 6.Bg5 e6 7.Qd2 Be7 8.O-O-O
Nxd4 9.Qxd4 O-O 10.Be2 Qa5 11.Bd2 Qc5 12.Qxc5 dxc5 13.Bf4 a6 14.e5 Nd7 15.Ne4
f6 16.exf6 Nxf6 17.Nxf6+ gxf6 18.Bd6 Bxd6 19.Rxd6 Kf7 20.Rhd1 Ke7 21.a4 a5
22.f4 Rg8 23.g3 Rb8 24.b3 b6 25.Rc6 Rd8 26.Rc7+ Rd7 27.Rdxd7+ Bxd7 28.Bb5 Rd8
29.Rb7 e5 30.fxe5 fxe5 31.Kd2 Ke6 32.Rxb6+ Kf5 33.Rd6 {#r} 1-0

[Event "It (cat.8) \"]
[Site "masterchessopen.com Rimavska Sobota (Slovakia)"]
[Round "8"]
[White "Molnar Vojtech (SVK)"]
[Black "Kveinys Aloyzas (LTU)"]
[Result "1-0"]
[WhiteElo "2170"]
[BlackElo "2475"]

1.e4 c5 2.Nf3 d6 3.d4 cxd4 4.Nxd4 Nf6 5.Nc3 Nc6 6.Bg5 e6 7.Qd2 Be7 8.O-O-O O-O
9.Nb3 a5 10.a4 d5 11.Bb5 Na7 12.exd5 Nxb5 13.Bxf6 Bxf6 14.Nxb5 exd5 15.Qxd5
Qe7 16.Rhe1 Qb4 17.Rd4 Be6 18.Qxb7 Bc4 19.Nd6 Qxa4 20.Rxc4 Qa2 21.Nc5 Rab8
22.Qd5 Rxb2 23.Nd7 Bc3 24.Qxf7+ {#r} 1-0

[Event "It (open)"]
[Site "masterchessopen.com Val Maubuee (France)"]
[Round "0"]
[White "Lamoureux Charles (FRA)"]
[Black "Lecuyer Christian (FRA)"]
[Result "0-1"]
[WhiteElo "2352"]
[BlackElo "2182"]

1.e4 c5 2.Nf3 d6 3.d4 cxd4 4.Nxd4 Nf6 5.Nc3 Nc6 6.Bg5 e6 7.Qd2 Be7 8.O-O-O O-O
9.f3 a6 10.g4 Nxd4 11.Qxd4 b5 12.Rg1 Qa5 13.Bd2 b4 14.g5 e5 15.Qe3 bxc3
16.gxf6 cxd2+ 17.Rxd2 Bxf6 18.Rdg2 g6 19.Bc4 Be6 20.Bxe6 fxe6 21.Qb3 Rae8
22.Qb7 Re7 23.Qb3 Qb5 24.Qa3 Rd7 25.Kb1 d5 26.exd5 {#R} 0-1

[Event "It (open)"]
[Site "masterchessopen.com Bern (Switzerland)"]
[Round "9"]
[White "Cullip Stephen (ENG)"]
[Black "Schweizer Robert (SUI)"]
[Result "1-0"]
[WhiteElo "2305"]
[BlackElo "1887"]

1.e4 c5 2.Nf3 d6 3.d4 cxd4 4.Nxd4 Nf6 5.Nc3 Nc6 6.Bg5 e6 7.Qd2 Be7 8.O-O-O h6
9.Bh4 Qa5 10.Bxf6 gxf6 11.Ndb5 d5 12.exd5 exd5 13.Nxd5 Qxa2 14.Qc3 O-O 15.Bc4
{#r} 1-0

[Event "Cup Latin (final)"]
[Site "masterchessopen.com Bogota (Colombia)"]
[Round "0"]
[White "Garcia Gildardo (COL)"]
[Black "Fiorito Fabian (ARG)"]
[Result "1-0"]
[WhiteElo "2470"]
[BlackElo "2438"]

1.e4 c5 2.Nf3 d6 3.d4 cxd4 4.Nxd4 Nf6 5.Nc3 Nc6 6.Bg5 e6 7.Qd2 Be7 8.O-O-O O-O
9.Nb3 Qb6 10.h4 Rd8 11.h5 d5 12.exd5 Nxd5 13.Bxe7 Ndxe7 14.Bd3 h6 15.g4 Ne5
16.Bh7+ Kxh7 17.Qxd8 Qxd8 18.Rxd8 Nxg4 19.f3 Ne5 20.f4 N5c6 21.Rf8 f6 22.Nc5
Rb8 23.Rg1 b6 24.N5e4 Nf5 25.Rf7 Kh8 26.Rgxg7 {#r} 1-0

[Event "It"]
[Site "masterchessopen.com Budapest (Hungary)"]
[Round "0"]
[White "Luther Thomas (GER)"]
[Black "Reeh Oliver (GER)"]
[Result "0-1"]
[WhiteElo "2495"]
[BlackElo "2470"]

1.e4 c5 2.Nf3 d6 3.d4 cxd4 4.Nxd4 Nf6 5.Nc3 Nc6 6.Bg5 e6 7.Qd2 Be7 8.O-O-O O-O
9.Nb3 Qb6 10.f3 Rd8 11.Be3 Qc7 12.Qf2 d5 13.exd5 Nxd5 14.Nxd5 Rxd5 15.Rxd5
exd5 16.Bb5 Bf5 17.Bxc6 bxc6 18.g4 Be6 19.Kb1 a5 20.Bb6 Qb7 21.a4 d4 22.Qxd4
Rb8 23.Ba7 Bf6 24.Qf2 Bxb3 25.cxb3 Rd8 26.Ka2 h6 27.Re1 g6 28.Re4 Rd3 29.Qb6
Qd7 30.Re2 Rxf3 31.Qxa5 Qd1 32.Re8+ Kh7 33.Be3 Rf1 {#R} 0-1

[Event "It (open)"]
[Site "masterchessopen.com Cappelle la Grande (France)"]
[Round "0"]
[White "Le Quang Kim (BEL)"]
[Black "Lanc Alois (SVK)"]
[Result "0-1"]
[WhiteElo "2280"]
[BlackElo "2367"]

1.e4 c5 2.Nf3 Nc6 3.d4 cxd4 4.Nxd4 Nf6 5.Nc3 d6 6.Bg5 e6 7.Qd2 h6 8.Bxf6 gxf6
9.O-O-O a6 10.f4 Qb6 11.Nce2 Bd7 12.g3 h5 13.Kb1 O-O-O 14.Bh3 Kb8 15.Qe1 Qc5
16.Rf1 Rc8 17.Rf3 Be7 18.Rc3 Qa7 19.Rcd3 Rc7 20.Nb3 Qb6 21.Ned4 Nb4 22.R3d2
Ba4 23.f5 e5 24.Ne2 Rhc8 25.Nc3 Rxc3 26.bxc3 Rxc3 27.Rg2 Rc4 28.Rf2 Bc6 29.Qe2
Rxc2 30.Rd2 Rxd2 31.Qxd2 Bxe4+ 32.Ka1 {#R} 0-1

[Event "It (open)"]
[Site "masterchessopen.com Cappelle la Grande (France)"]
[Round "0"]
[White "Gralka Julian (POL)"]
[Black "Lanc Alois (SVK)"]
[Result "0-1"]
[WhiteElo "2247"]
[BlackElo "2367"]

1.e4 c5 2.Nf3 Nc6 3.d4 cxd4 4.Nxd4 Nf6 5.Nc3 d6 6.Bg5 e6 7.Qd2 h6 8.Bxf6 gxf6
9.O-O-O a6 10.f4 Qb6 11.Nf3 Bd7 12.f5 O-O-O 13.Kb1 Kb8 14.fxe6 fxe6 15.g3 Rc8
16.Bh3 Rc7 17.Ne2 Ne5 18.Nxe5 dxe5 19.Nc1 Bb4 20.Qd3 Ba4 21.Nb3 Rhc8 22.Rc1
Bb5 23.Qf3 f5 24.Bg2 a5 25.c3 Bd6 26.Nd2 Rf8 27.exf5 Rxf5 28.Qd1 Rf2 29.Bf1
Bc6 30.Rg1 Ba3 31.Qb3 Qxb3 32.axb3 Bc5 {#R} 0-1